[Event "Naantali op"]
[Site "Naantali"]
[Date "2014.07.05"]
[Round "8"]
[White "Valkama, Arvo"]
[Black "Nikolakaros, Kimon"]
[Result "0-1"]
[WhiteElo "1502"]
[BlackElo "1893"]
[PlyCount "68"]
[EventDate "2014.06.30"]
[EventType "swiss"]
[EventRounds "9"]
[EventCountry "FIN"]
[SourceTitle "CBM 161 Extra"]
[Source "ChessBase"]
[SourceDate "2014.08.29"]
[SourceVersion "1"]
[SourceVersionDate "2014.08.29"]
[SourceQuality "1"]

1. e4 c5 2. Nf3 e6 3. d4 cxd4 4. Nxd4 a6 5. Be2 Nf6 6. Nc3 Qc7 7. Nb3 b5 8. Bd3 Bb7 9. f3 Be7 10. Qe2 d6 11. 0-0 Nbd7 12. Be3 0-0 13. Nd2 b4 14. Nd1 d5 15. Nf2 Nc5 16. g3 Rfc8 17. Bxc5 Bxc5 18. e5 Nd7 19. f4 Rf8 20. Qh5 g6 21. Qg4 Kg7 22. h4 f6 23. h5 fxe5 24. hxg6 e4 25. gxh7+ Kh8 26. Qxe6 Rae8 27. Qg4 Nf6 28. Qe2 exd3 29. Qxd3 Re3 30. Qg6 Qg7 31. Qxg7+ Kxg7 32. Kg2 d4+ 33. Kh3 Rh8 34. Kh2 Rxh7+ 0-1

[Event "Naantali op"]
[Site "Naantali"]
[Date "2014.07.03"]
[Round "5"]
[White "Nikolakaros, Kimon"]
[Black "Riihimaki, Pekka"]
[Result "1/2-1/2"]
[WhiteElo "1893"]
[BlackElo "1971"]
[PlyCount "54"]
[EventDate "2014.06.30"]
[EventType "swiss"]
[EventRounds "9"]
[EventCountry "FIN"]
[SourceTitle "CBM 161 Extra"]
[Source "ChessBase"]
[SourceDate "2014.08.29"]
[SourceVersion "1"]
[SourceVersionDate "2014.08.29"]
[SourceQuality "1"]

1. c4 e6 2. Nc3 d5 3. d4 Nf6 4. cxd5 exd5 5. Bg5 Be7 6. e3 0-0 7. Bd3 c6 8. Qc2 Nbd7 9. Nf3 Re8 10. 0-0 Nf8 11. h3 Ne4 12. Bf4 f5 13. Ne5 Bf6 14. f3 Nd6 15. b4 a6 16. a4 Ng6 17. Nxg6 hxg6 18. Rfe1 Nc4 19. Bxc4 dxc4 20. b5 axb5 21. axb5 Rxa1 22. Rxa1 g5 23. Be5 Bxe5 24. dxe5 Qd3 25. Qxd3 cxd3 26. Rd1 cxb5 27. Rxd3 Be6 1/2-1/2

[Event "Naantali op"]
[Site "Naantali"]
[Date "2014.07.01"]
[Round "3"]
[White "Nikolakaros, Kimon"]
[Black "Linden, Lari"]
[Result "0-1"]
[WhiteElo "1893"]
[BlackElo "2039"]
[PlyCount "54"]
[EventDate "2014.06.30"]
[EventType "swiss"]
[EventRounds "9"]
[EventCountry "FIN"]
[SourceTitle "CBM 161 Extra"]
[Source "ChessBase"]
[SourceDate "2014.08.29"]
[SourceVersion "1"]
[SourceVersionDate "2014.08.29"]
[SourceQuality "1"]

1. d4 d5 2. c4 c6 3. Nc3 Nf6 4. e3 e6 5. Nf3 Nbd7 6. Bd3 Bd6 7. 0-0 dxc4 8. Bxc4 b5 9. Bd3 a6 10. e4 e5 11. dxe5 Nxe5 12. Nxe5 Bxe5 13. h3 0-0 14. f4 Bd4+ 15. Kh1 Ng4 16. Qe2 Nf2+ 17. Rxf2 Bxf2 18. e5 Ba7 19. Be3 Bxe3 20. Qxe3 Be6 21. g4 Bd5+ 22. Kh2 Qe7 23. f5 Rfe8 24. Re1 Qh4 25. a3 Rxe5 26. Be4 Bxe4 27. Nxe4 Rae8 0-1

[Event "Helsinki Easter 4th op"]
[Site "Helsinki"]
[Date "2014.04.18"]
[Round "3"]
[White "Kugappi, Tomi"]
[Black "Nikolakaros, Kimon"]
[Result "1-0"]
[WhiteElo "1708"]
[BlackElo "1904"]
[PlyCount "59"]
[EventDate "2014.04.17"]
[EventType "swiss"]
[EventRounds "7"]
[EventCountry "FIN"]
[SourceTitle "EXT 2022"]
[Source "ChessBase"]
[SourceDate "2021.10.06"]
[SourceVersion "1"]
[SourceVersionDate "2021.10.06"]
[SourceQuality "1"]

1. e4 c5 2. Nc3 Nc6 3. g3 g6 4. Bg2 Bg7 5. Nge2 Nf6 6. 0-0 0-0 7. d3 d6 8. h3 Rb8 9. f4 Bd7 10. g4 b5 11. Ng3 b4 12. Nce2 a5 13. g5 Ne8 14. h4 a4 15. f5 Qb6 16. Kh2 b3 17. axb3 axb3 18. c3 Be5 19. Bf4 Nc7 20. h5 Ra8 21. Rxa8 Rxa8 22. Bxe5 dxe5 23. Bh3 Rd8 24. Nc1 Na5 25. fxg6 hxg6 26. hxg6 fxg6 27. Bxd7 Rxd7 28. Qf3 Ne6 29. Qf7+ Kh8 30. Qe8+ 1-0

[Event "FIN-ch op"]
[Site "Naantali"]
[Date "2013.07.04"]
[Round "5"]
[White "Nikolakaros, Kimon"]
[Black "Jaderholm, Bo"]
[Result "1-0"]
[WhiteElo "1915"]
[BlackElo "1863"]
[PlyCount "89"]
[EventDate "2013.07.01"]
[EventType "swiss"]
[EventRounds "9"]
[EventCountry "FIN"]
[SourceTitle "EXT 2014"]
[Source "ChessBase"]
[SourceDate "2013.11.20"]
[SourceVersion "1"]
[SourceVersionDate "2013.11.20"]
[SourceQuality "1"]

1. e4 e6 2. d4 d5 3. Nc3 dxe4 4. Nxe4 Nd7 5. Nf3 Ngf6 6. Nxf6+ Nxf6 7. Bd3 Be7 8. 0-0 0-0 9. b3 b6 10. Bb2 Bb7 11. c4 Qd6 12. Qe2 Qf4 13. d5 Rfe8 14. Bc1 Qg4 15. dxe6 Bd6 16. exf7+ Kxf7 17. Ng5+ Kg8 18. Qxg4 Nxg4 19. Bxh7+ Kh8 20. h3 Nf6 21. Bg6 Re2 22. Nf7+ Kg8 23. Nxd6 cxd6 24. Bd3 Re7 25. Bg5 Rae8 26. f3 Kf7 27. Kf2 d5 28. Bxf6 Kxf6 29. Rfe1 dxc4 30. Bxc4 a6 31. Rxe7 Rxe7 32. Re1 b5 33. Rxe7 Kxe7 34. Bd3 Kf6 35. Ke3 Ke5 36. f4+ Kf6 37. Be4 Bc8 38. Kd4 g5 39. fxg5+ Kxg5 40. Kc5 Kf4 41. Bf3 Bxh3 42. gxh3 Kxf3 43. Kb6 Kg3 44. Kxa6 Kxh3 45. Kxb5 1-0

[Event "FIN-ch op"]
[Site "Naantali"]
[Date "2013.07.02"]
[Round "3"]
[White "Nikolakaros, Kimon"]
[Black "Tuominen, Kari"]
[Result "1/2-1/2"]
[WhiteElo "1915"]
[BlackElo "1771"]
[PlyCount "93"]
[EventDate "2013.07.01"]
[EventType "swiss"]
[EventRounds "9"]
[EventCountry "FIN"]
[SourceTitle "EXT 2014"]
[Source "ChessBase"]
[SourceDate "2013.11.20"]
[SourceVersion "1"]
[SourceVersionDate "2013.11.20"]
[SourceQuality "1"]

1. d4 d5 2. c4 Nf6 3. cxd5 e6 4. dxe6 Bxe6 5. Nc3 a6 6. e4 Bc8 7. Nf3 Be7 8. Be2 0-0 9. 0-0 c6 10. h3 Re8 11. Qc2 b5 12. Rd1 Qb6 13. Be3 Qb7 14. Rac1 Bb4 15. e5 Nd5 16. Ng5 g6 17. Nge4 Be7 18. Nxd5 cxd5 19. Nf6+ Bxf6 20. exf6 Bf5 21. Qc7 Qxc7 22. Rxc7 Nd7 23. g4 Be6 24. Bg5 Rec8 25. Rdc1 Rxc7 26. Rxc7 Nb6 27. b3 Nd7 28. Bh4 h6 29. g5 h5 30. Bf3 Nb6 31. Bg3 Rc8 32. Rxc8+ Nxc8 33. h4 Kf8 34. Kf1 Ke8 35. Ke1 Kd7 36. Kd2 b4 37. Be2 a5 38. Bb5+ Kd8 39. f3 Nb6 40. Kc2 Bd7 41. Bxd7 Kxd7 42. Kb2 Nc8 43. a3 Na7 44. axb4 axb4 45. Be1 Nc6 46. Bf2 Ke6 47. Be3 1/2-1/2

[Event "FIN-ch op"]
[Site "Naantali"]
[Date "2013.07.01"]
[Round "1"]
[White "Nikolakaros, Kimon"]
[Black "Salvi, Tuomas"]
[Result "1-0"]
[WhiteElo "1915"]
[BlackElo "1525"]
[PlyCount "75"]
[EventDate "2013.07.01"]
[EventType "swiss"]
[EventRounds "9"]
[EventCountry "FIN"]
[SourceTitle "EXT 2014"]
[Source "ChessBase"]
[SourceDate "2013.11.20"]
[SourceVersion "1"]
[SourceVersionDate "2013.11.20"]
[SourceQuality "1"]

1. d4 Nf6 2. c4 g6 3. Nc3 Bg7 4. e4 d6 5. Nf3 Nbd7 6. Be2 0-0 7. 0-0 c6 8. Qc2 e5 9. d5 a5 10. Rd1 cxd5 11. Nxd5 Nxd5 12. cxd5 Nc5 13. Be3 b6 14. Nd2 f5 15. f3 fxe4 16. fxe4 Rf7 17. b3 Rc7 18. Qb2 Rf7 19. g3 Bh3 20. b4 Qf6 21. bxc5 Bh6 22. Qc3 Rc8 23. c6 b5 24. Bxb5 Rcf8 25. Rf1 Bxe3+ 26. Qxe3 Bxf1 27. Rxf1 Qd8 28. Rxf7 Rxf7 29. a4 Kg7 30. Nc4 g5 31. Qe2 Kg6 32. Ne3 Qb6 33. Kg2 h5 34. Nf5 Qc5 35. h4 g4 36. Qd2 Rxf5 37. exf5+ Kxf5 38. Qf2+ 1-0

[Event "Espoo We MatSK A"]
[Site "Espoo"]
[Date "2013.02.24"]
[Round "4"]
[White "Julkunen, Tapio"]
[Black "Nikolakaros, Kimon"]
[Result "0-1"]
[WhiteElo "1929"]
[BlackElo "1888"]
[PlyCount "126"]
[EventDate "2013.02.22"]
[EventType "swiss"]
[EventRounds "5"]
[EventCountry "FIN"]
[SourceTitle "EXT 2022"]
[Source "ChessBase"]
[SourceDate "2021.10.06"]
[SourceVersion "1"]
[SourceVersionDate "2021.10.06"]
[SourceQuality "1"]

1. d4 Nf6 2. Nf3 e6 3. c4 b6 4. g3 Bb7 5. Bg2 Be7 6. 0-0 0-0 7. Nc3 d6 8. Qc2 Nbd7 9. e4 e5 10. h3 c6 11. Be3 Rc8 12. Rac1 Re8 13. Rfd1 Bf8 14. dxe5 dxe5 15. Nh4 Bb4 16. Nf5 Qc7 17. Qb1 g6 18. Nh4 Bc5 19. Bg5 Nh5 20. Qd3 Bd4 21. Qf3 Ng7 22. Rc2 Ne6 23. Bh6 Qd8 24. Ne2 Qf6 25. Be3 c5 26. Nc3 Qxf3 27. Bxf3 Nf6 28. Nd5 Kg7 29. Bc1 Red8 30. Ng2 Ne8 31. h4 Nd6 32. Re1 f5 33. exf5 gxf5 34. b3 e4 35. Bh5 Bxd5 36. cxd5 Nc7 37. Nf4 Rd7 38. Kg2 Kf6 39. f3 Rg8 40. Kh2 Rdg7 41. Rg2 Ke5 42. Ree2 Nxd5 43. Nxd5 Kxd5 44. Bf4 Be5 45. Rd2+ Ke6 46. Bxe5 Kxe5 47. f4+ Ke6 48. Be2 b5 49. Rc2 Rc7 50. g4 Rgg7 51. gxf5+ Kxf5 52. Rxg7 Rxg7 53. Rxc5+ Kxf4 54. Rd5 Nf5 55. Bxb5 Nxh4 56. Rd7 Rxd7 57. Bxd7 Ke3 58. Kg3 Nf3 59. Bf5 h5 60. b4 h4+ 61. Kg2 Kf4 62. Bh7 e3 63. Bd3 Ne1+ 0-1

[Event "Espoo We MatSK A"]
[Site "Espoo"]
[Date "2013.02.24"]
[Round "5"]
[White "Nikolakaros, Kimon"]
[Black "Elomaa, Arto"]
[Result "1-0"]
[WhiteElo "1888"]
[BlackElo "2056"]
[PlyCount "85"]
[EventDate "2013.02.22"]
[EventType "swiss"]
[EventRounds "5"]
[EventCountry "FIN"]
[SourceTitle "EXT 2022"]
[Source "ChessBase"]
[SourceDate "2021.10.06"]
[SourceVersion "1"]
[SourceVersionDate "2021.10.06"]
[SourceQuality "1"]

1. e4 c6 2. d4 d5 3. e5 Bf5 4. c4 e6 5. Nf3 Ne7 6. Nc3 dxc4 7. Bxc4 Nd7 8. 0-0 Nb6 9. Be2 Ned5 10. Bg5 Be7 11. Bxe7 Qxe7 12. Nd2 Nf4 13. Nde4 0-0 14. Bg4 Bxe4 15. Nxe4 Ng6 16. Bh5 Rfd8 17. Bxg6 hxg6 18. Qg4 Qb4 19. Rad1 Qxb2 20. Qh4 Qe2 21. Ng3 Qxa2 22. Ne4 Qe2 23. Ng3 Qc2 24. Ne4 Nd7 25. Rc1 Qe2 26. Rc3 Qh5 27. Qe7 g5 28. Rg3 Qg6 29. f3 f6 30. Qxe6+ Qf7 31. Qh3 Qe7 32. f4 gxf4 33. Rxf4 fxe5 34. Ng5 Nf6 35. Rxf6 Qxf6 36. Qh7+ Kf8 37. Rf3 Qxf3 38. gxf3 exd4 39. Qh8+ Ke7 40. Qxg7+ Kd6 41. Qxd4+ Kc7 42. Qg7+ Kc8 43. Ne6 1-0

[Event "Espoo We MatSK A"]
[Site "Espoo"]
[Date "2013.02.23"]
[Round "3"]
[White "Bergman, Thomas"]
[Black "Nikolakaros, Kimon"]
[Result "0-1"]
[WhiteElo "1862"]
[BlackElo "1888"]
[PlyCount "55"]
[EventDate "2013.02.22"]
[EventType "swiss"]
[EventRounds "5"]
[EventCountry "FIN"]
[SourceTitle "EXT 2022"]
[Source "ChessBase"]
[SourceDate "2021.10.06"]
[SourceVersion "1"]
[SourceVersionDate "2021.10.06"]
[SourceQuality "1"]

1. d4 d5 2. Nf3 Nf6 3. Bf4 c5 4. c3 Qb6 5. Qb3 Qxb3 6. axb3 Nbd7 7. e3 cxd4 8. exd4 e6 9. Bb5 Be7 10. Ne5 0-0 11. Nd2 Nxe5 12. Bxe5 Nd7 13. Bc7 Nf6 14. Nf3 Bd7 15. Bd3 Bc6 16. Bf4 Nd7 17. b4 b5 18. Kd2 a6 19. Ne5 Nxe5 20. Bxe5 f6 21. Bg3 e5 22. dxe5 fxe5 23. Bxe5 Rxf2+ 24. Be2 Bg5+ 25. Kd1 Re8 26. Rxa6 Rxe5 27. Bf3 Be8 28. Re1 0-1

[Event "Naantali op"]
[Site "Naantali"]
[Date "2012.07.08"]
[Round "9"]
[White "Nikolakaros, Kimon"]
[Black "Norri, Roger"]
[Result "1/2-1/2"]
[WhiteElo "1627"]
[BlackElo "1878"]
[PlyCount "54"]
[EventDate "2012.07.02"]
[EventType "swiss"]
[EventRounds "9"]
[EventCountry "FIN"]
[SourceTitle "CBM 149 Extra"]
[Source "ChessBase"]
[SourceDate "2012.08.24"]
[SourceVersion "1"]
[SourceVersionDate "2012.08.24"]
[SourceQuality "1"]

1. d4 d5 2. c4 c6 3. Nf3 Nf6 4. Nc3 a6 5. e3 Bg4 6. Qb3 b5 7. cxb5 Bxf3 8. gxf3 cxb5 9. a4 bxa4 10. Qxa4+ Nbd7 11. e4 e6 12. Bg5 Qb6 13. Bb5 Rb8 14. Qxa6 Bb4 15. Qxb6 Rxb6 16. Ra8+ Ke7 17. Rxh8 Bxc3+ 18. bxc3 Rxb5 19. Kd2 h6 20. Bxf6+ Nxf6 21. exd5 Rb2+ 22. Kd3 exd5 23. Re1+ Kd6 24. Re2 Rb7 25. Rd8+ Nd7 26. h4 h5 27. Rg8 g6 1/2-1/2

[Event "Naantali op"]
[Site "Naantali"]
[Date "2012.07.06"]
[Round "7"]
[White "Linden, Lari"]
[Black "Nikolakaros, Kimon"]
[Result "1-0"]
[WhiteElo "1960"]
[BlackElo "1627"]
[PlyCount "87"]
[EventDate "2012.07.02"]
[EventType "swiss"]
[EventRounds "9"]
[EventCountry "FIN"]
[SourceTitle "CBM 149 Extra"]
[Source "ChessBase"]
[SourceDate "2012.08.24"]
[SourceVersion "1"]
[SourceVersionDate "2012.08.24"]
[SourceQuality "1"]

1. d4 d5 2. c4 c6 3. Nf3 Nf6 4. Nc3 e6 5. e3 Nbd7 6. Qc2 Bd6 7. g4 h6 8. Bd2 dxc4 9. Bxc4 Nd5 10. 0-0-0 Nb4 11. Qb1 b5 12. Be2 Qc7 13. Ne4 Be7 14. Bxb4 Bxb4 15. Qc2 Qb6 16. Kb1 Bb7 17. Rc1 Rc8 18. Nc5 Bxc5 19. dxc5 Qc7 20. g5 hxg5 21. Nxg5 Rxh2 22. Ne4 Ke7 23. Rxh2 Qxh2 24. Nd6 Rb8 25. f4 g5 26. fxg5 Nxc5 27. Nxb7 Nxb7 28. Qxc6 Qd6 29. Qf3 Na5 30. Qf6+ Kf8 31. Rh1 Ke8 32. Bxb5+ Rxb5 33. Rh8+ Kd7 34. Rd8+ Kc7 35. Rxd6 Kxd6 36. Qd8+ Kc6 37. Qe8+ Kb6 38. Qxf7 Rxg5 39. Qxe6+ Nc6 40. a3 Re5 41. Qb3+ Kc5 42. Qc3+ Kd5 43. b4 a6 44. Qc5+ 1-0

[Event "Naantali op"]
[Site "Naantali"]
[Date "2012.07.03"]
[Round "3"]
[White "Ruotanen, Helge"]
[Black "Nikolakaros, Kimon"]
[Result "1/2-1/2"]
[WhiteElo "1971"]
[BlackElo "1627"]
[PlyCount "68"]
[EventDate "2012.07.02"]
[EventType "swiss"]
[EventRounds "9"]
[EventCountry "FIN"]
[SourceTitle "CBM 149 Extra"]
[Source "ChessBase"]
[SourceDate "2012.08.24"]
[SourceVersion "1"]
[SourceVersionDate "2012.08.24"]
[SourceQuality "1"]

1. g3 d5 2. d3 Nf6 3. Bg2 c6 4. Nc3 d4 5. Nb1 c5 6. e4 Nc6 7. f4 e5 8. Nf3 Bg4 9. Nbd2 Bd6 10. h3 Bxf3 11. Qxf3 Nb4 12. Qd1 exf4 13. Nc4 0-0 14. Bxf4 Bxf4 15. gxf4 Nc6 16. a4 Re8 17. 0-0 Na5 18. Nd2 Rc8 19. b3 a6 20. Qf3 Rf8 21. e5 Ne8 22. Rae1 Nc7 23. Ne4 Nd5 24. Ng5 Ne3 25. Rf2 Rc6 26. Qg3 Rg6 27. Be4 Rh6 28. Kh2 f5 29. exf6 Qxf6 30. Rg1 g6 31. Qf3 Nc6 32. Bd5+ Kh8 33. Qe4 Rh5 34. c4 Ne5 1/2-1/2